000 00516nam a2200145 i 4500
001 63879
003 ES-MaACL
007 t|
008 031217s1984 sp ||||1| spa d
245 0 3 _aLa Filosofía de la ciencia y el giro historicista
_b: el post-positivismo /
_cselección, traducción y presentación de E. Rada.
260 _a[Madrid] :
_bUniversidad Nacional de Educación a Distancia,
_c[1984]
300 _a295 p. ;
_c24 cm.
700 1 _aRada García, Eloy.
_994903
852 _aES-MaACL
_jL-7725
_bR.107943
999 _c63879
_d63879